000 01447cam a22003857a 4500
001 15617068
003 NUST
005 20220405112503.0
008 090209s2009 nyuaf 001 0 eng d
010 _a 2009286003
020 _a9781416590231 (pbk.)
020 _a1416590234 (pbk.)
035 _a(OCoLC)ocn297186250
038 _awaseem
040 _aJSY
_cJSY
_dDLC
042 _alccopycat
050 0 0 _aRM222.2
_b.G7225 2009
082 0 4 _a613.25
_bGRE
100 1 _aGreene, Bob
_q(Bob W.)
_990824
245 1 4 _aThe best life diet /
_cBob Greene ; foreword by Oprah Winfrey ; photographs by Alan Richardson.
250 _aRev. and updated
260 _aNew York :
_bSimon & Schuster Paperbacks,
_c2009.
300 _axviii, 314 p., [16] p. of plates :
_bcol. ill. ;
_c24 cm.
500 _aIncludes indexes.
520 _aExplains how to lose weight permanently in a resource that complements dietary guidelines with dozens of nutritionally balanced recipes.
563 _aPBK.
650 0 _aWeight loss
_vPopular works.
_990825
650 0 _aReducing diets
_vPopular works.
_990826
650 0 _aNutrition
_vPopular works.
_990827
650 0 _aPhysical fitness
_vPopular works.
_990828
650 0 _aReducing diets
_vRecipes
_vPopular works.
_990829
906 _a0
_bibc
_ccopycat
_d2
_encip
_f20
_gy-gencatlg
942 _2ddc
_cBK
999 _c589044
_d589044